| 000 | 01125nam a22001937a 4500 | ||
|---|---|---|---|
| 999 |
_c63875 _d63875 |
||
| 003 | Ge_BSU | ||
| 005 | 20260211115208.0 | ||
| 008 | 260211s1950 ge ||||| |||| 00| 0 geo d | ||
| 041 | _ageo | ||
| 080 | _a658.153 კ-17 | ||
| 100 |
_aკაკაბაძე, ა. _926872 |
||
| 245 |
_aსოციალისტური მრეწველობის საწარმოთა საბრუნავი საშუალებანი / _cა. კაკაბაძე; საქ. სსრ მეცნ. აკადემია. ეკონომიკის ინ-ტი. |
||
| 264 |
_aთბ. : _b სახელგამი, პოლიტლიტერატურის სექტორი, _c 1950. |
||
| 300 |
_a88 გვ. ; _b20 სმ. |
||
| 504 | _aბიბლიოგრაფია: "ლიტ-რა", გვ. 85-7. | ||
| 653 | _aსაწარმოების საბრუნავი საშუალებები | ||
| 710 |
_aსაქ. სსრ მეცნ. აკადემია. ეკონომიკის ინ-ტი. _926873 |
||
| 942 |
_2udc _cᲬᲘᲒᲜᲘ |
||